| 000 | 01276 a2200265 4500 | ||
|---|---|---|---|
| 003 | Nust | ||
| 005 | 20221115123913.0 | ||
| 010 | _a 2004112583 | ||
| 020 | _a3540232230 (pt. 1) | ||
| 020 | _a3540232400 (pt. 2) | ||
| 035 | _a(CStRLIN)CTYA6709618-B | ||
| 040 | _cNust | ||
| 082 | 0 | 0 | _a621.367,IMA |
| 245 | 1 | 0 |
_aImage analysis and recognition : _binternational conference, ICIAR 2004, Porto, Portugal, September 29-October 1, 2004 : proceedings /part 1 _cAurelio Campilho, Mohamed Kamel, eds. |
| 260 |
_aBerlin : _bSpringer-Verlag, _cc2004- |
||
| 300 |
_a880p _bill. ; _c24 cm. |
||
| 440 | 0 |
_aLecture notes in computer science ; _v3211 _926093 |
|
| 505 | _aImage Segmentation (Page-1), Image Processing and Analysis (Page-114), Image Analysis and Synthesis (Page-236), Image and Video Coding (Page-269), Shape and Matching (Page-327), Image Description and Recognition (Page-432), Video Processing and Analysis (Page-564), Image Retrieval and Indexing (Page-729), Morphology (Page-840). | ||
| 650 | 0 |
_aImage analysis _93477 |
|
| 650 | 0 |
_aOptical pattern recognition _995558 |
|
| 700 | 1 |
_aCampilho, A. _9102638 |
|
| 700 | 1 |
_aKamel, Mohamed. _9102639 |
|
| 856 | 4 | 2 |
_3Publisher description _uhttp://www.loc.gov/catdir/enhancements/fy0823/2004112583-d.html |
| 942 |
_2ddc _cBK |
||
| 999 |
_c190535 _d190535 |
||